|
|
|
|
| LEADER |
01868nam a2200433 i 4500 |
| 001 |
38805 |
| 003 |
BD-DhAAL |
| 005 |
20220606154726.0 |
| 008 |
161024t20172017nyua b 001 0 eng |
| 999 |
|
|
|c 44276
|d 44276
|
| 010 |
|
|
|a 2016028256
|
| 020 |
|
|
|a 9780367366339 (pbk)
|
| 020 |
|
|
|a 9781138182424 (hbk)
|
| 020 |
|
|
|z 9781315646473 (ebk)
|
| 040 |
|
|
|a DLC
|b eng
|c DLC
|e rda
|d DLC
|d BD-DhAAL
|
| 042 |
|
|
|a pcc
|
| 050 |
0 |
0 |
|a P99.4.M6
|b B37 2017
|
| 082 |
0 |
0 |
|a 302.231
|2 23
|
| 100 |
1 |
|
|a Benson, Phil,
|d 1955-
|e author.
|9 49015
|
| 245 |
1 |
4 |
|a The discourse of YouTube :
|b multimodal text in a global context /
|c Phil Benson.
|
| 264 |
|
1 |
|a New York ;
|a London :
|b Routledge, Taylor & Francis Group,
|c 2017
|
| 264 |
|
4 |
|c ©2017
|
| 300 |
|
|
|a 133 pages :
|b illustrations ;
|c 23 cm.
|
| 490 |
0 |
|
|a Routledge studies in multimodality ;
|v 15
|
| 504 |
|
|
|a Includes bibliographical references (pages [121]-129) and index.
|
| 505 |
0 |
|
|a Introduction -- Multimodality -- Youtube and new media discourse -- Designing the Youtube website -- Designing Youtube Pages -- producing Youtube texts -- Youtube in a global context -- Conclusion.
|
| 526 |
|
|
|a ENH
|
| 541 |
|
|
|a Trim Education
|e 38805
|
| 630 |
0 |
0 |
|a YouTube (Electronic resource).
|9 49016
|
| 650 |
|
0 |
|a Modality (Linguistics).
|9 49017
|
| 650 |
|
0 |
|a Multimedia communications
|x Technological innovations.
|9 49018
|
| 650 |
|
0 |
|a Mass media
|x Technological innovations.
|9 49019
|
| 650 |
|
0 |
|a Discourse analysis
|x Social aspects.
|9 49020
|
| 650 |
|
0 |
|a Internet videos
|x Social aspects.
|9 49021
|
| 650 |
|
0 |
|a Online social networks.
|9 49022
|
| 650 |
|
0 |
|a Social sciences.
|9 49023
|
| 852 |
|
|
|a Ayesha Abed Library
|c General Stacks
|
| 942 |
|
|
|2 ddc
|c BK
|
| 952 |
|
|
|0 0
|1 0
|2 ddc
|4 0
|6 302_231000000000000_BEN
|7 0
|9 70745
|a BRACUL
|b BRACUL
|c GEN
|d 2022-05-31
|e Trim Education
|g 2255.00
|l 0
|o 302.231 BEN
|p 3010038805
|r 2022-05-31
|t 1
|v 2255.00
|w 2022-05-31
|y BK
|